[Event "Druzynowe Mistrzostwa Polski Juniorow - II liga"]
[Site "Sypniewo k. Jastowia"]
[Date "2024-06-17"]
[Round "8.64"]
[White "Tanski, Jakub"]
[Black "Kiecana, Ignacy"]
[Result "1-0"]
[WhiteTitle "III"]
[BlackTitle "II"]
[WhiteElo "1416"]
[BlackElo "1452"]

1. e4 c5 2. Nf3 d6 3. Bb5+ Bd7 4. c4 a6 5. Bxd7+ Qxd7 6. Nc3 e6 7. O-O Nc6 8. Re1
Nf6 9. d4 cxd4 10. Nxd4 Be7 11. b3 O-O 12. Bg5 h6 13. Bh4 Rfd8 14. Nxc6 bxc6 15.
Qc2 e5 16. Rad1 Qc7 17. f3 Rd7 18. Bxf6 Bxf6 19. Rd3 Rad8 20. Red1 Bg5 21. Qb2
Qb6+ 22. Kh1 g6 23. Qa3 Be7 24. c5 Qc7 25. cxd6 Rxd6 26. Rxd6 Rxd6 27. Qxa6 Rxd1+
28. Nxd1 Qd7 29. Qe2 Qd4 30. h3 Bc5 31. Kh2 f5 32. Qc4+ Kg7 33. Qxd4 exd4 34.
exf5 gxf5 35. Kg1 d3+ 36. Kf1 Bd4 37. Ke1 Kf6 38. Kd2 1-0

[Event "Druzynowe Mistrzostwa Polski Juniorow - II liga"]
[Site "Sypniewo k. Jastowia"]
[Date "2024-06-17"]
[Round "8.65"]
[White "Babinska, Liwia"]
[Black "Woytitzki, Maja"]
[Result "0-1"]
[WhiteTitle "I"]
[BlackTitle "I"]
[WhiteElo "1702"]
[BlackElo "1544"]

1. e4 c5 2. Nf3 d6 3. d4 cxd4 4. Nxd4 Nf6 5. Nc3 a6 6. Bg5 e6 7. f4 Be7 8. Qf3
Qc7 9. O-O-O Nbd7 10. g4 h6 11. Bxf6 Bxf6 12. Kb1 Be7 13. h4 b5 14. Bg2 Bb7 15.
a3 Rb8 16. Qg3 Ba8 17. g5 b4 18. axb4 Rxb4 19. g6 Bf6 20. e5 dxe5 21. gxf7+ Kxf7
22. fxe5 Bxg2 23. Qxg2 Qxc3 24. Nb3 Qxe5 25. c3 Rxb3 26. Rxd7+ Ke8 27. Rhd1 Qf5+
28. Kc1 Rb8 29. Qc6 Qf4+ 30. Kc2 Kf8 31. Qxe6 Bxh4 32. R1d4 Qf2+ 33. Rd2 Qf6 34.
Qh3 Be1 35. Qh2 Qf5+ 36. Kd1 Qb1+ 37. Ke2 Re8+ 38. Kf3 Qf5+ 39. Kg2 Bxd2 40. Rxd2
Qg5+ 41. Kf1 Qb5+ 42. Kg1 Re1+ 43. Kf2 Qf1+ 0-1

[Event "Druzynowe Mistrzostwa Polski Juniorow - II liga"]
[Site "Sypniewo k. Jastowia"]
[Date "2024-06-17"]
[Round "8.67"]
[White "Sowa, Roch"]
[Black "Wiewiora, Mateusz"]
[Result "0-1"]
[WhiteTitle "I"]
[BlackTitle "II"]
[WhiteElo "1707"]
[BlackElo "1739"]

1. e4 c5 2. Nf3 Nc6 3. d4 cxd4 4. Nxd4 g6 5. Nc3 Bg7 6. Be3 Nf6 7. Bc4 O-O 8. Bb3
Re8 9. O-O d6 10. h3 Bd7 11. Qe2 Nxe4 12. Nxe4 Bxd4 13. Ng5 e6 14. Qg4 Bg7 15.
Rad1 Qe7 16. Qg3 d5 17. c3 Na5 18. f4 Bc6 19. h4 h6 20. Bd4 Nxb3 21. axb3 Bxd4+
22. Rxd4 Kg7 23. Re1 Qd6 24. Qe3 b5 25. Rd3 a5 26. Qd4+ f6 27. Rde3 Bd7 28. g3
Rac8 29. Kg2 a4 30. c4 axb3 31. cxb5 Rc4 32. Ne4 Qe7 33. Qa7 Rxe4 34. Rxe4 dxe4
35. b6 Bc6 36. Rc1 Qxa7 37. bxa7 Bd5 38. Rc7+ Kf8 39. Kf2 e5 40. fxe5 Rxe5 41.
Ke3 Re8 42. Rd7 Ba8 43. Rc7 Rd8 44. Ke2 f5 45. Rh7 Bd5 46. Rc7 Bf7 47. Rb7 Bd5
48. Rc7 Ke8 49. Ke3 Rd7 50. Rc8+ Ke7 51. a8=R Bxa8 52. Rxa8 Rd3+ 53. Kf4 Rf3+
54. Ke5 Rxg3 55. Ra7+ Kd8 56. Ra3 Kc7 57. Kd4 Rd3+ 58. Kc4 f4 59. Ra6 f3 60. Rf6
Re3 61. Kd4 Re2 62. Kc3 f2 63. Kxb3 e3 64. Kc3 Re1 0-1

[Event "Druzynowe Mistrzostwa Polski Juniorow - II liga"]
[Site "Sypniewo k. Jastowia"]
[Date "2024-06-17"]
[Round "8.68"]
[White "Burda, Igor"]
[Black "Wolak, Maciej"]
[Result "1/2-1/2"]
[WhiteTitle "II+"]
[BlackTitle "II"]
[WhiteElo "1648"]
[BlackElo "1806"]

1. e4 c5 2. Nf3 g6 3. d4 cxd4 4. Nxd4 Bg7 5. c4 Nc6 6. Be3 Nf6 7. Nc3 O-O 8. Be2
d6 9. O-O Nxd4 10. Bxd4 Be6 11. b3 Qa5 12. Nd5 Bxd5 13. exd5 Nd7 14. Bxg7 Kxg7
15. Re1 Rfe8 16. Kf1 a6 17. Qd4+ Kg8 18. Bd3 Qc5 19. Qh4 Ne5 20. Bc2 b5 21. f4
Nd7 22. Rxe7 Rxe7 23. Qxe7 Nb6 24. Qe4 bxc4 25. Rd1 Rc8 26. f5 cxb3 27. Bxb3 Qb5+
28. Kg1 Re8 29. Qf4 Qc5+ 30. Kf1 Re5 31. fxg6 hxg6 32. Qd4 Qb5+ 33. Kg1 a5 34.
Qd3 Qc5+ 35. Qd4 Re1+ 36. Kf2 Rxd1 37. Qxc5 dxc5 38. Bxd1 Nxd5 39. Bb3 Nb6 40.
Ke3 Kg7 41. g4 g5 42. Ke4 Kf6 43. Bd1 Ke6 44. Bb3+ Ke7 45. Ke5 f6+ 46. Ke4 Kd6
47. Kf5 Nd7 48. Be6 Ke7 49. Bb3 Ne5 50. h3 Nf3 51. Ke4 Ng1 52. Kd5 Nxh3 53. Bc2
Nf2 54. Bf5 Nd1 55. Kxc5 Ne3 56. Bc8 Kd8 57. Be6 Ke7 58. Bc8 f5 59. gxf5 Kf6 60.
Kb5 g4 61. Bb7 g3 62. Kxa5 Ke5 63. Kb5 Nd5 64. f6 g2 65. f7 g1=Q 66. f8=Q Qb6+
67. Kc4 Qxb7 68. Qh8+ Nf6 69. Qh2+ Ke6 70. Qe2+ Kf7 71. Kd3 Qa6+ 72. Ke3 Nd5+
73. Kf2 1/2-1/2

[Event "Druzynowe Mistrzostwa Polski Juniorow - II liga"]
[Site "Sypniewo k. Jastowia"]
[Date "2024-06-17"]
[Round "8.69"]
[White "Wolak, Jan"]
[Black "Bak, Patryk"]
[Result "1-0"]
[WhiteTitle "II"]
[BlackTitle "II"]
[WhiteElo "1793"]
[BlackElo "1503"]

1. e4 e5 2. Nf3 Nc6 3. Bc4 Nf6 4. d3 Be7 5. O-O O-O 6. Nbd2 d6 7. Re1 h6 8. c3
Be6 9. Bb3 Nh5 10. Nf1 Nf4 11. d4 Bxb3 12. axb3 Ng6 13. Ng3 Bf6 14. Be3 Re8 15.
Qd2 Kh7 16. h3 a6 17. Nh2 Bg5 18. Bxg5 Qxg5 19. Qxg5 hxg5 20. Nf3 f6 21. d5 Nce7
22. b4 Nh4 23. Nxh4 gxh4 24. Nf1 g5 25. Ne3 Kg6 26. c4 f5 27. f3 f4 28. Nf1 b6
29. Ra2 Ra7 30. Rc1 Rc8 31. Nd2 Kf6 32. c5 b5 33. Rca1 Rca8 34. Nb3 Kf7 35. Nc1
Kf6 36. Ne2 Nc8 37. Nc3 Ke7 38. Kf1 Kd7 39. Nd1 Ke7 40. Ke2 Kd7 41. Nf2 Ke7 42.
Ng4 Kf7 43. Nh6+ Kf6 44. Nf5 Kf7 45. Rc1 Ke8 46. Ng7+ Ke7 47. Ne6 Kf6 48. cxd6
cxd6 49. Rc6 a5 50. bxa5 Ra6 51. Rxa6 Rxa6 52. Nc7 Ra7 53. Nxb5 Rb7 54. Nc3 Na7
55. Kd3 Rb4 56. Kc2 Ke7 57. Ra4 Rb7 58. Rc4 Kd7 59. b4 Nc8 60. Kb3 Na7 61. Ka4
Nc8 62. Nb5 Ne7 63. a6 Rb8 64. a7 Ra8 65. Ka5 Nc8 66. Ka6 Kd8 67. Rc7 Ke8 68.
Rxc8+ Rxc8 69. Nxd6+ Kd7 70. Nxc8 Kxc8 71. a8=Q+ Kc7 72. Qc6+ Kd8 73. d6 g4 74.
Qc7+ Ke8 75. Qe7# 1-0

[Event "Druzynowe Mistrzostwa Polski Juniorow - II liga"]
[Site "Sypniewo k. Jastowia"]
[Date "2024-06-17"]
[Round "8.70"]
[White "Cudyk, Oliwia"]
[Black "Kopia, Julian"]
[Result "1/2-1/2"]
[WhiteTitle "I"]
[BlackTitle "I"]
[WhiteElo "1466"]
[BlackElo "1563"]

1. e4 c5 2. Nf3 e6 3. d4 cxd4 4. Nxd4 Nc6 5. Nc3 a6 6. Nxc6 bxc6 7. Bd3 d5 8. O-O
Nf6 9. Re1 Be7 10. e5 Nd7 11. Qg4 g6 12. Bf4 h5 13. Qg3 g5 14. Bd2 c5 15. b3 Bb7
16. Rf1 h4 17. Qh3 d4 18. Ne4 Nxe5 19. f3 f5 20. Nf2 Nxd3 21. Nxd3 Rg8 22. g4
Qd5 23. Rae1 f4 24. Re5 Qc6 25. Qg2 Rd8 26. Qe2 Bc8 27. Nb2 Bf6 28. Re4 Rd5 29.
Nc4 Kf7 30. Ba5 Rd7 31. Re1 Rd5 32. Nb6 Rd6 33. Nc4 Rd5 34. Nb6 1/2-1/2

[Event "Druzynowe Mistrzostwa Polski Juniorow - II liga"]
[Site "Sypniewo k. Jastowia"]
[Date "2024-06-17"]
[Round "8.71"]
[White "Branka, Julia"]
[Black "Tkacz, Katarzyna"]
[Result "1-0"]
[WhiteTitle "I"]
[BlackTitle "I"]
[WhiteElo "1671"]
[BlackElo "1666"]

1. Nf3 Nf6 2. g3 c5 3. Bg2 Nc6 4. b3 d6 5. Bb2 Bg4 6. O-O Qd7 7. c4 g6 8. Nc3 Rg8
9. d4 Bxf3 10. Bxf3 Nxd4 11. Bg2 h5 12. Nd5 Nxd5 13. Bxd5 Nf5 14. Re1 Bg7 15.
Bxg7 Rxg7 16. e4 Nd4 17. e5 dxe5 18. Rxe5 e6 19. Bg2 Qc7 20. Re3 O-O-O 21. Rd3
h4 22. b4 Qe5 23. Rb1 Qf5 24. bxc5 Ne2+ 25. Qxe2 Qxd3 26. Bxb7+ Kc7 27. Qe5+ Kd7
28. Be4 Qxc4 29. Qd6+ Ke8 30. Bc6+ Rd7 31. Rb8# 1-0

[Event "Druzynowe Mistrzostwa Polski Juniorow - II liga"]
[Site "Sypniewo k. Jastowia"]
[Date "2024-06-17"]
[Round "8.73"]
[White "Niesporek, Franciszek"]
[Black "Gorny, Tomasz"]
[Result "0-1"]
[WhiteTitle "I"]
[BlackTitle "I"]
[WhiteElo "1782"]
[BlackElo "1876"]

1. e4 e5 2. Nf3 Nc6 3. Bb5 a6 4. Ba4 Bc5 5. O-O Nge7 6. c3 Ng6 7. d4 Ba7 8. Be3
O-O 9. Nbd2 d6 10. h3 Nce7 11. Re1 h6 12. Bb3 exd4 13. Bxd4 c5 14. Be3 d5 15.
exd5 Nxd5 16. Bxd5 Qxd5 17. Qb3 Qc6 18. c4 Bf5 19. Qc3 Rad8 20. Ne5 Nxe5 21. Qxe5
Qg6 22. Qg3 Qf6 23. Qf3 Qg6 24. Qg3 Qxg3 25. fxg3 b6 26. g4 Bd3 27. b3 Bb8 28.
Nf3 f6 29. Rad1 Bc2 30. Rxd8 Rxd8 31. Kf2 Kf7 32. Re2 Bb1 33. a3 a5 34. Rd2 Rxd2+
35. Nxd2 Bc2 36. Kf3 g5 37. Bf2 Ke6 38. Bg1 Be5 39. Bf2 Bd1+ 40. Ke4 Bc2+ 41.
Kf3 Kd6 42. Ne4+ Kc6 43. Nd2 Bb2 44. h4 Bxa3 45. Ke2 Bb4 46. Ke3 Bxd2+ 47. Kxd2
Bxb3 48. Kc3 Bd1 49. Bg3 Bxg4 50. Bf2 a4 51. Bg3 Be6 52. hxg5 hxg5 53. Be1 a3
54. Kb3 Kd7 55. Bf2 a2 56. Kxa2 Bxc4+ 57. Kb2 Ke6 58. Kc3 Bf1 59. g3 Kd5 0-1

[Event "Druzynowe Mistrzostwa Polski Juniorow - II liga"]
[Site "Sypniewo k. Jastowia"]
[Date "2024-06-17"]
[Round "8.74"]
[White "Gulinski, Maciej"]
[Black "Zimny, Karol"]
[Result "1-0"]
[WhiteTitle "II"]
[BlackTitle "II"]
[WhiteElo "1617"]
[BlackElo "1725"]

1. e4 c5 2. c3 d5 3. exd5 Qxd5 4. d4 Nf6 5. Nf3 e6 6. Na3 cxd4 7. Nb5 Qd8 8. Nbxd4
Be7 9. Bd3 Bd7 10. Bf4 O-O 11. Qb3 Qb6 12. Qxb6 axb6 13. Ne5 Nc6 14. Nxd7 Nxd7
15. Nxc6 bxc6 16. a3 Nc5 17. Bc2 b5 18. h4 Na4 19. O-O-O c5 20. Rd7 Rfe8 21. Be4
Ra6 22. Bd3 c4 23. Bc2 Nb6 24. Rd2 Nd5 25. Bg3 Bc5 26. Re1 h6 27. Rxd5 1-0

[Event "Druzynowe Mistrzostwa Polski Juniorow - II liga"]
[Site "Sypniewo k. Jastowia"]
[Date "2024-06-17"]
[Round "8.75"]
[White "Lassak, Franciszek"]
[Black "Smolinski, Wojciech"]
[Result "0-1"]
[WhiteTitle "II"]
[BlackTitle "I"]
[WhiteElo "1533"]
[BlackElo "1841"]

1. e4 g6 2. d4 Bg7 3. c4 d6 4. Nc3 e5 5. Nf3 Bg4 6. d5 Nd7 7. Be3 a5 8. Be2 Bxf3
9. Bxf3 h5 10. a3 Bh6 11. Bxh6 Nxh6 12. b4 Kf8 13. O-O Kg7 14. Be2 Qh4 15. Qd3
Ng4 16. Qg3 Qe7 17. Bxg4 hxg4 18. f3 axb4 19. axb4 Nb6 20. fxg4 Nxc4 21. Qd3 Nb6
22. Nb5 Rxa1 23. Rxa1 Ra8 24. Rxa8 Nxa8 25. Qd2 Qd7 26. Qe2 Nb6 27. h3 c6 28.
dxc6 bxc6 29. Nc3 Qa7 30. Qe3 Qa3 31. g5 Qxb4 32. Qf3 Nd7 33. Qg4 Qxc3 34. Qxd7
Qc1+ 35. Kh2 Qf4+ 36. Kg1 Qxe4 37. Qxd6 Qd4+ 38. Qxd4 exd4 39. g4 c5 40. h4 c4
41. Kf2 c3 42. Ke2 c2 43. Kd2 d3 44. h5 gxh5 45. gxh5 f5 0-1

[Event "Druzynowe Mistrzostwa Polski Juniorow - II liga"]
[Site "Sypniewo k. Jastowia"]
[Date "2024-06-17"]
[Round "8.76"]
[White "Biela, Jan"]
[Black "Karnowka, Kacper"]
[Result "1-0"]
[WhiteTitle "II"]
[BlackTitle "II"]
[WhiteElo "1569"]
[BlackElo "1510"]

1. e4 c5 2. Nf3 d6 3. d4 cxd4 4. Nxd4 Nf6 5. Nc3 g6 6. Be3 Bg7 7. f3 O-O 8. Qd2
Nc6 9. Bc4 a6 10. O-O-O Na5 11. Bb3 Nxb3+ 12. cxb3 Bd7 13. Kb1 b5 14. g4 Qb8 15.
Bh6 a5 16. h4 b4 17. Na4 Bxa4 18. bxa4 Qb7 19. h5 Rac8 20. hxg6 fxg6 21. Bxg7
Nxe4 22. fxe4 Qxe4+ 23. Qd3 Qxd3+ 24. Rxd3 Rf2 25. Bh6 e5 26. Rf3 Rd2 27. Rhf1
1-0

[Event "Druzynowe Mistrzostwa Polski Juniorow - II liga"]
[Site "Sypniewo k. Jastowia"]
[Date "2024-06-17"]
[Round "8.77"]
[White "Nieckarz, Maja"]
[Black "Leks, Emilia"]
[Result "1/2-1/2"]
[WhiteTitle "I++"]
[BlackTitle "I"]
[WhiteElo "1745"]
[BlackElo "1519"]

1. e4 d6 2. d4 Nf6 3. Nc3 e5 4. Nf3 Nbd7 5. g4 h6 6. g5 Ng8 7. Bc4 c6 8. Be3 Qc7
9. gxh6 gxh6 10. Qd3 Nb6 11. Bb3 Bg4 12. Nh4 O-O-O 13. f3 Qe7 14. Bf2 Bd7 15.
O-O-O Nf6 16. dxe5 dxe5 17. Ng2 Nh5 18. Kb1 Kc7 19. Bxb6+ axb6 20. Ne3 Nf4 21.
Qc4 Qc5 22. Qxc5 Bxc5 23. Ng4 Bxg4 24. fxg4 f6 25. a3 Bd4 26. Na2 Rd6 27. Nc1
Rhd8 28. c3 Be3 29. Rxd6 Rxd6 30. Rd1 Rxd1 31. Bxd1 Bg1 1/2-1/2

[Event "Druzynowe Mistrzostwa Polski Juniorow - II liga"]
[Site "Sypniewo k. Jastowia"]
[Date "2024-06-17"]
[Round "8.79"]
[White "Bochenek, Piotr"]
[Black "Marchewka, Kajetan"]
[Result "1-0"]
[WhiteTitle "II+"]
[BlackTitle "II+"]
[WhiteElo "1796"]
[BlackElo "1743"]

1. d4 Nf6 2. c4 e6 3. Nf3 d5 4. g3 Be7 5. Bg2 O-O 6. O-O b6 7. cxd5 exd5 8. Qc2
Bb7 9. Nc3 Nbd7 10. Bf4 c6 11. Rfd1 Re8 12. Rac1 Nf8 13. Ne5 Ng6 14. Nxg6 hxg6
15. e4 dxe4 16. Nxe4 Nxe4 17. Bxe4 Bd6 18. Bxd6 Qxd6 19. Bxc6 Bxc6 20. Qxc6 Qxc6
21. Rxc6 Rad8 22. Rc7 Re2 23. d5 Re5 24. d6 Rc5 25. Rxa7 Rc6 26. d7 Kf8 27. Rb7
Re6 28. Kg2 Ke7 29. Kf3 f5 30. h4 Kf6 31. Rc7 Ke7 32. Rb7 Kf6 33. Rd3 Rc6 34.
Rb3 Ke7 35. R3xb6 Rxd7 36. Rxd7+ Kxd7 37. Rxc6 1-0

[Event "Druzynowe Mistrzostwa Polski Juniorow - II liga"]
[Site "Sypniewo k. Jastowia"]
[Date "2024-06-17"]
[Round "8.80"]
[White "Jozwiak, Oliwier"]
[Black "Czech, Emil"]
[Result "1/2-1/2"]
[WhiteTitle "II"]
[BlackTitle "II+"]
[WhiteElo "1669"]
[BlackElo "1680"]

1. e4 e6 2. d4 d5 3. Nc3 dxe4 4. Nxe4 Nd7 5. Nf3 Ngf6 6. Nxf6+ Nxf6 7. Ne5 c5 8.
Bb5+ Bd7 9. Nxd7 Nxd7 10. O-O a6 11. Be2 Bd6 12. Re1 Qh4 13. g3 Qxd4 14. Be3 Qxd1
15. Raxd1 Ke7 16. Bf3 Rab8 17. Bg5+ f6 18. Bd5 Ne5 19. f4 fxg5 20. fxe5 Bc7 21.
Bf3 Rhf8 22. Bg4 Rf7 23. c4 Rbf8 24. b4 cxb4 25. c5 g6 26. Rd6 Bxd6 27. cxd6+
Kd7 28. Rc1 Rc8 29. Rxc8 Kxc8 30. Bxe6+ Rd7 31. Kf2 a5 32. Ke3 a4 33. Kd3 b5 34.
Kc2 Kd8 35. Bxd7 Kxd7 36. Kd3 h5 37. Kc2 Ke6 1/2-1/2

[Event "Druzynowe Mistrzostwa Polski Juniorow - II liga"]
[Site "Sypniewo k. Jastowia"]
[Date "2024-06-17"]
[Round "8.81"]
[White "Lisek, Adam"]
[Black "Fajks, Julian"]
[Result "0-1"]
[WhiteTitle "II"]
[BlackTitle "II"]
[WhiteElo "1502"]
[BlackElo "1652"]

1. e4 c5 2. Nc3 Nc6 3. f4 g6 4. Nf3 Bg7 5. a3 d6 6. Bb5 Bd7 7. O-O a6 8. Bxc6 Bxc6
9. d3 e6 10. Qe1 Ne7 11. Qh4 O-O 12. f5 exf5 13. Bh6 d5 14. Ng5 Bd4+ 15. Kh1 Re8
16. Ne2 dxe4 17. dxe4 Bxe4 18. Nxe4 fxe4 19. Nxd4 Qxd4 20. c3 Qe5 21. Qf2 Nf5
22. Bf4 e3 23. Qe2 Qe4 24. a4 Rad8 25. Rae1 Qxa4 26. Qf3 Qe4 27. Qxe4 Rxe4 28.
g4 e2 29. Rg1 Nh4 30. Bg5 Rd5 31. Bxh4 Rd2 32. Rb1 h5 33. Bf2 Rxg4 34. Bxc5 Rxb2
35. Bf2 Rc2 36. Rxg4 hxg4 37. Kg2 f5 38. Re1 f4 39. Bd4 Kf7 40. h3 f3+ 41. Kg3
gxh3 42. Kxf3 Ra2 43. Kg3 Ra5 44. Kxh3 Ra2 45. Kg3 Ke6 46. Kf3 Kd5 47. Rg1 Kc4
48. Ke3 Rc2 49. Re1 a5 50. Kf2 a4 51. Ra1 Kd3 52. Rxa4 Rc1 53. Bc5 e1=Q+ 54. Kg2
Rxc3 55. Rg4 Rxc5 0-1

[Event "Druzynowe Mistrzostwa Polski Juniorow - II liga"]
[Site "Sypniewo k. Jastowia"]
[Date "2024-06-17"]
[Round "8.82"]
[White "Wasilewski, Dawid"]
[Black "Pisarski, Marek"]
[Result "0-1"]
[WhiteTitle "II"]
[BlackTitle "II"]
[WhiteElo "1448"]
[BlackElo "1423"]

1. e4 c5 2. Nf3 g6 3. d4 cxd4 4. Nxd4 Bg7 5. Nc3 Nc6 6. Be3 d6 7. Bc4 Nf6 8. h3
Bd7 9. O-O O-O 10. Bb3 a6 11. Re1 b5 12. Nd5 Nxe4 13. Nxc6 Bxc6 14. Bb6 Qd7 15.
Rxe4 e6 16. Qe2 Qb7 17. Rxe6 fxe6 18. Qxe6+ Kh8 19. Ne7 Qxb6 20. Nxg6+ hxg6 21.
Qxg6 Qxf2+ 22. Kh1 Bxg2+ 23. Qxg2 Qxg2+ 24. Kxg2 Bxb2 25. Re1 Rae8 26. Rd1 Re2+
27. Kg3 Be5+ 28. Kg4 Rg2+ 29. Kh5 Rf5+ 30. Kh4 Bf6# 0-1

[Event "Druzynowe Mistrzostwa Polski Juniorow - II liga"]
[Site "Sypniewo k. Jastowia"]
[Date "2024-06-17"]
[Round "8.83"]
[White "Dudek, Julia"]
[Black "Dushnitska, Yuliia"]
[Result "1/2-1/2"]
[WhiteTitle "II"]
[BlackTitle "II+"]
[WhiteElo "1408"]
[BlackElo "1455"]

1. d4 f5 2. Bg5 g6 3. Nf3 Bg7 4. e3 Nf6 5. Nc3 O-O 6. Bc4+ Kh8 7. h3 d6 8. O-O
Nbd7 9. Qe2 e5 10. Rad1 Qe8 11. Rfe1 Rb8 12. a3 h6 13. Bxf6 Rxf6 14. Nd5 Rf8 15.
Nxc7 Qe7 16. Nd5 Qe8 17. dxe5 dxe5 18. Nc7 Qe7 19. Ne6 Rf6 20. Nxg7 Qxg7 21. Bb3
b5 22. Rd5 Rbb6 23. Nxe5 Nxe5 24. Rxe5 Rf8 25. f4 Bb7 26. c3 Rd6 27. Rd1 Qf6 28.
Rxd6 Qxd6 29. Qd1 Qxd1+ 30. Bxd1 a6 31. Bb3 Rd8 32. Kh2 Rd7 33. Re6 Kg7 34. Re5
Be4 35. Kg1 Rd2 36. g4 1/2-1/2

[Event "Druzynowe Mistrzostwa Polski Juniorow - II liga"]
[Site "Sypniewo k. Jastowia"]
[Date "2024-06-17"]
[Round "8.85"]
[White "Pulit, Kacper"]
[Black "Serewa, Antoni"]
[Result "1-0"]
[WhiteTitle "II+"]
[BlackTitle "I"]
[WhiteElo "1728"]
[BlackElo "1890"]

1. e4 c5 2. Nf3 Nc6 3. Bb5 g6 4. O-O Bg7 5. Re1 e5 6. c3 Nge7 7. Na3 O-O 8. Nc2
d6 9. d4 cxd4 10. Bxc6 Nxc6 11. cxd4 Bg4 12. d5 Ne7 13. Ne3 Bxf3 14. Qxf3 f5 15.
exf5 gxf5 16. Nf1 Ng6 17. Qh3 Rc8 18. Ng3 Qh4 19. Qxh4 Nxh4 20. Bg5 Ng6 21. Rac1
h6 22. Bd2 Ne7 23. Bb4 Rxc1 24. Rxc1 Nxd5 25. Bxd6 Rf7 26. Rc5 Nb6 27. Bxe5 f4
28. Nh5 Bxe5 29. Rxe5 Nc4 30. Re8+ Kh7 31. b3 Nd6 32. Re6 Nb5 33. Kf1 Rf5 34.
Nf6+ Kg7 35. Ne4 b6 36. Nd6 Nxd6 37. Rxd6 Ra5 38. a4 Rc5 39. Ke2 Rc2+ 40. Rd2
f3+ 41. gxf3 Rc1 42. Rd7+ Kg6 43. Rxa7 Rb1 44. Ra6 Rxb3 45. a5 Ra3 46. Rxb6+ Kg5
47. h4+ Kxh4 48. Rxh6+ Kg5 49. Ra6 Kf4 50. Rf6+ Kg5 51. Ra6 Kf4 52. Ra8 Ra2+ 53.
Kd3 Kxf3 54. Kc4 Kxf2 55. Kb5 Ke3 56. a6 Kd4 57. Rd8+ Ke5 58. Kb6 Rb2+ 59. Kc7
Rc2+ 60. Kb7 Rb2+ 61. Ka8 Ke6 62. Rb8 Ra2 63. a7 Kd7 64. Kb7 Rb2+ 65. Ka6 Ra2+
66. Kb6 Rb2+ 67. Kc5 1-0

[Event "Druzynowe Mistrzostwa Polski Juniorow - II liga"]
[Site "Sypniewo k. Jastowia"]
[Date "2024-06-17"]
[Round "8.86"]
[White "Rzenca, Jerzy"]
[Black "Penar, Marcin"]
[Result "1-0"]
[WhiteTitle "I"]
[BlackTitle "II"]
[WhiteElo "1875"]
[BlackElo "1715"]

1. e4 c5 2. Nc3 Nc6 3. f4 g6 4. Nf3 Bg7 5. Bb5 Nd4 6. O-O a6 7. Bd3 d6 8. Nxd4
cxd4 9. Ne2 e5 10. c3 Nf6 11. cxd4 exd4 12. Qa4+ Qd7 13. Qxd4 O-O 14. Qb6 Re8
15. Nc3 Qe7 16. Bc2 Be6 17. d3 Rec8 18. h3 Rab8 19. a4 Nd7 20. Qf2 f5 21. d4 fxe4
22. Bxe4 Qf7 23. Be3 Nf6 24. Bd3 Bc4 25. Bxc4 Qxc4 26. Rac1 Qe6 27. Qf3 Re8 28.
Bf2 Qb3 29. Rb1 d5 30. Qd1 Qxd1 31. Rbxd1 b5 32. axb5 axb5 33. Bh4 Red8 34. Rfe1
b4 35. Na4 Re8 36. Nc5 Ne4 37. Nxe4 dxe4 38. d5 Rb7 39. d6 Rd7 40. Be7 Bf8 41.
Bxf8 Kxf8 42. Rd4 e3 43. Rd3 Re6 44. Rexe3 Rexd6 45. Rxd6 Rxd6 46. Re4 Rb6 47.
b3 Kf7 48. Kf2 Kf6 49. g4 Rb8 50. Ke3 Rc8 51. Rxb4 Rc3+ 52. Ke4 Rxh3 53. g5+ Ke6
54. Rb6+ Kd7 55. Ke5 Kc7 56. Rb4 Kc6 57. Kf6 Kd5 58. Kg7 Ke6 59. Rb6+ Kf5 60.
Rf6+ Kg4 61. b4 Rb3 62. Kxh7 Rxb4 63. Kxg6 Kh4 64. Kh6 1-0

[Event "Druzynowe Mistrzostwa Polski Juniorow - II liga"]
[Site "Sypniewo k. Jastowia"]
[Date "2024-06-17"]
[Round "8.87"]
[White "Balis, Sebastian"]
[Black "Ozog, Bartosz"]
[Result "1/2-1/2"]
[WhiteTitle "I"]
[BlackTitle "I"]
[WhiteElo "1675"]
[BlackElo "1747"]

1. e4 c5 2. Nf3 a6 3. c3 d5 4. exd5 Qxd5 5. d4 Nf6 6. Be2 e6 7. O-O Nc6 8. Be3
cxd4 9. Nxd4 Nxd4 10. Bxd4 Be7 11. Bf3 Qg5 12. Re1 O-O 13. Nd2 Rd8 14. Qc2 Bd6
15. Nc4 Bc7 16. Bb6 Qf4 17. Bxc7 Qxc7 18. Rad1 Bd7 19. Ne5 Be8 20. Qe2 Rab8 21.
Ng4 Nxg4 22. Bxg4 Bb5 23. Qe4 Bc6 24. Qe3 Qa5 25. a3 h6 26. c4 Rxd1 27. Rxd1 Rd8
28. Rxd8+ Qxd8 29. h3 Qf6 30. Qd2 e5 31. b4 Qg6 32. Qd8+ Kh7 33. Qc8 Qg5 34. Qf5+
Qxf5 35. Bxf5+ g6 36. Bc2 Kg7 1/2-1/2

[Event "Druzynowe Mistrzostwa Polski Juniorow - II liga"]
[Site "Sypniewo k. Jastowia"]
[Date "2024-06-17"]
[Round "8.91"]
[White "Jablonski, Piotr"]
[Black "Skrzypinski, Jan"]
[Result "0-1"]
[WhiteTitle "II"]
[BlackTitle "I++"]
[WhiteElo "1570"]
[BlackElo "1942"]

1. e4 e5 2. Nf3 Nc6 3. Bc4 Nf6 4. Ng5 d5 5. exd5 b5 6. dxc6 bxc4 7. O-O h6 8. Nf3
e4 9. Ne5 Qd4 10. Nd7 Nxd7 11. cxd7+ Bxd7 12. Nc3 O-O-O 13. d3 exd3 14. Be3 Bg4
15. Bxd4 Bxd1 16. Raxd1 Rxd4 17. cxd3 cxd3 18. a3 Kb7 19. Rfe1 Bc5 20. Re5 Bb6
21. Rd5 Rd8 22. Rxd8 Rxd8 23. Kf1 c5 24. b3 Kc6 25. f3 c4 26. bxc4 Kc5 27. Na4+
Kxc4 28. Nxb6+ axb6 29. Ke1 Re8+ 0-1

[Event "Druzynowe Mistrzostwa Polski Juniorow - II liga"]
[Site "Sypniewo k. Jastowia"]
[Date "2024-06-17"]
[Round "8.93"]
[White "Wilman, Maciej"]
[Black "Jasinski, Bartlomiej"]
[Result "1-0"]
[WhiteTitle "II"]
[BlackTitle "II"]
[WhiteElo "1503"]
[BlackElo "1489"]

1. d4 Nf6 2. Nf3 e6 3. e3 c5 4. c3 d5 5. Bd3 Nc6 6. Nbd2 c4 7. Bc2 Bd6 8. e4 Be7
9. O-O O-O 10. Re1 Re8 11. e5 Nd7 12. Nf1 Nf8 13. Ng3 Ng6 14. Kh1 b5 15. b3 Nh4
16. Nxh4 Bxh4 17. Qh5 h6 18. Qg4 Kh8 19. Nh5 Rg8 20. Nf4 Bg5 21. h4 Bxf4 22. Bxf4
f5 23. exf6 Qxf6 24. Be5 Nxe5 25. dxe5 Qf7 26. Re3 Rf8 27. Rf3 Qg8 28. Re1 Rxf3
29. Qxf3 Bd7 30. Qe3 Qf7 31. Kg1 a5 32. bxc4 dxc4 33. Qe4 1-0

[Event "Druzynowe Mistrzostwa Polski Juniorow - II liga"]
[Site "Sypniewo k. Jastowia"]
[Date "2024-06-17"]
[Round "8.95"]
[White "Pietrzak, Emilia"]
[Black "Gac-mytych, Sara"]
[Result "1-0"]
[WhiteTitle "I++"]
[BlackTitle "I"]
[WhiteElo "1760"]
[BlackElo "1586"]

1. e4 c6 2. d4 d5 3. exd5 cxd5 4. c4 e6 5. Nc3 Nf6 6. Nf3 Be7 7. cxd5 Nxd5 8. Bd3
O-O 9. O-O Nc6 10. Re1 Bf6 11. Be4 Nce7 12. Bg5 h6 13. Bxf6 Nxf6 14. Bc2 b6 15.
Qd3 Bb7 16. Rad1 Rc8 17. Ne5 g6 18. Bb3 Nfd5 19. Ne4 Kg7 20. f3 Nc6 21. Qd2 Nf6
22. Nxf6 Kxf6 23. Qxh6 Re8 24. Qf4+ Ke7 25. Qxf7+ Kd6 26. Nc4+ 1-0

[Event "Druzynowe Mistrzostwa Polski Juniorow - II liga"]
[Site "Sypniewo k. Jastowia"]
[Date "2024-06-17"]
[Round "8.96"]
[White "Mucha, Gabriela"]
[Black "Bastrzyk, Kinga"]
[Result "0-1"]
[WhiteTitle "II+"]
[BlackTitle "I"]
[WhiteElo "1514"]
[BlackElo "1519"]

1. e4 c5 2. Nf3 Nc6 3. c4 e5 4. Nc3 Nf6 5. Be2 Be7 6. O-O d6 7. d3 O-O 8. h3 Ne8
9. Be3 Nc7 10. a3 a6 11. Rb1 b5 12. b4 Rb8 13. Nd5 Nxd5 14. cxd5 Nd4 15. bxc5
Nxf3+ 16. Bxf3 dxc5 17. Rc1 Qa5 18. Bxc5 Bxc5 19. Rxc5 Qxa3 20. Qc2 Bd7 21. Qc3
Qxc3 22. Rxc3 Rfc8 23. Rfc1 Rxc3 24. Rxc3 Rc8 25. Rxc8+ Bxc8 26. Kf1 Kf8 27. Ke1
Ke7 28. Kd2 Kd6 29. Kc3 Kc5 30. Be2 a5 31. Bd1 g5 32. Bh5 f6 33. Be2 Bd7 34. Bd1
b4+ 35. Kb2 a4 36. Be2 a3+ 37. Kb3 Ba4+ 38. Ka2 Bc2 39. g3 h6 40. h4 Ba4 41. hxg5
hxg5 42. Bg4 Bc2 43. Be2 Kd6 44. Bf1 Bd1 45. Kb1 b3 46. Kc1 b2+ 47. Kb1 Bb3 48.
Be2 Kc5 49. f4 Kb4 50. Bd1 Kc3 51. Bxb3 Kxb3 52. d6 a2# 0-1